České náboženství /

Hlavní autor: Klíma, Stanislav, 1878-1944
Jazyk: Čeština
Vydáno: V Praze : B. Kočí, [1920]
Vydání: 3. vyd.
Témata:
Externí odkaz: Digitalizovaný dokument
Fyzický popis: 76, [1] s.
Knihy
Uloženo v:
LEADER 01134nam a22003132a 4500
001 000726864
003 CZ BrMZK
005 20090821205249.0
007 ta
008 040729s1920 xr er |0| 0 cze d
015 |a cnb001204820 
035 |a (OCoLC)39778522 
040 |a BOA001  |b cze 
100 1 |a Klíma, Stanislav,  |d 1878-1944  |7 jk01060540  |4 aut 
245 1 0 |a České náboženství /  |c Stanislav Klíma 
250 |a 3. vyd. 
260 |a V Praze :  |b B. Kočí,  |c [1920] 
300 |a 76, [1] s. 
500 |a Frontispis 
504 |a Obsahuje bibliografii 
500 |a Dostupné též v digitální podobě v aplikaci Kramerius 
856 4 1 |u http://www.digitalniknihovna.cz/mzk/uuid/uuid:6cb31a90-0e02-11e7-9b53-005056827e52  |y Digitalizovaný dokument  |x NDK 
910 |a BOA001  |b PK-I-0033.355  |b 1-0671.108 
920 |a 000401443 
964 |a Čechy - reformace náboženské - dějiny 
990 |a BK 
993 |a Y 
996 7 |b 2619785804  |c 1-0671.108  |l MZK  |r Sklad / do 1 hodiny  |n 8  |w 000726864  |u 000020  |a 1  |e BOA001  |j MZK50  |s A 
996 6 |b BC-155792  |c PK-I-0033.355  |l MZK  |r Sklad / do 1 hodiny  |n 0  |w 000726864  |u 000010  |a 1  |e BOA001  |j MZK50  |s P